MACROECONOMICS FOR MANAGEMENT STUDENTS (Record no. 25524)

MARC details
000 -LEADER
fixed length control field 00353nam a2200145Ia 4500
008 - FIXED-LENGTH DATA ELEMENTS--GENERAL INFORMATION
fixed length control field 240624s9999 xx 000 0 und d
041 ## - LANGUAGE CODE
Language code of text/sound track or separate title eng
082 ## - DEWEY DECIMAL CLASSIFICATION NUMBER
Classification number 339 NAG
100 ## - MAIN ENTRY--PERSONAL NAME
Personal name NAG A
245 ## - TITLE STATEMENT
Title MACROECONOMICS FOR MANAGEMENT STUDENTS
250 ## - EDITION STATEMENT
Edition statement (2nd ed.)
260 ## - PUBLICATION, DISTRIBUTION, ETC.
Date of publication, distribution, etc. 2013
Place of publication, distribution, etc. Delhi
Name of publisher, distributor, etc. Macmillan India
300 ## - PHYSICAL DESCRIPTION
Extent xiii, : 270p.
365 ## - TRADE PRICE
Currency code RS
Price amount 32
Holdings
Withdrawn status Lost status Damaged status Not for loan Home library Current library Shelving location Date acquired Source of acquisition Cost, normal purchase price Total Checkouts Full call number Barcode Date last seen Date last checked out Copy number Price effective from Koha item type
        IMTN IMTN Rack 14-A 11/20/2015 VBC 295.00 1 339 NAG 25524 07/13/2024 07/13/2024 1 06/24/2024 Books
Designed & Maintained by: LRC IMT Nagpur Contact: lrc@imtnag.ac.in© 2024. All Rights Reserved.